000 00779nam a2200205 a 4500
008 120416s1982 ||||||||||||||||| || u
020 _a0138429480
050 _aHF 5429 Pac
100 _aPackard, Sidney
245 1 0 _aStart your own store: managing, merchandising and evaluating
260 _aEnglewood Cliffs, N.J.:
_bFT Prentice-Hall
_c1982
300 _axvii, 238p. : ill.
350 _a0.00
500 _aIncludes index. -Bibliography: p. 181-182.
650 _aSTORES, RETAIL--SOUTH AFRICA--MANAGEMENT
650 0 _aSUCCESS IN BUSINESS
650 _aSELF-EMPLOYED--UNITED STATES
700 _aCarron, Alan J
995 _D0.00
_FCBU-MAIN LIBRARY (Kitwe)
_H1
_I2.40
_UAVAILABLE
_ZMain Library Open Access Collection
999 _c58181
_d58181